Serie A Goal of the Month - 2023-2024 - Statistics

Statistiche generali
  • Questo quiz è stato fatto 78 volte
  • Il punteggio medio è 6 su 9
Statistiche sulle risposte
Mese Nazione Squadra Calciatore % Corretto
Settembre Francia Inter Marcus Thuram
100%
Maggio Georgia Napoli Khvicha Kvaratskhelia
92%
Novembre Italia Inter Federico Dimarco
85%
Ottobre Italia Atalanta Gianluca Scamacca
79%
Aprile Italia Napoli Matteo Politano
74%
Marzo Portogallo Monza Dany Mota
66%
Gennaio Italia Salernitana Antonio Candreva
62%
Dicembre Belgio Verona Cyril Ngonge
49%
Febbraio Italia Verona Michael Folorunsho
23%
Nessun quiz corrispondente trovato
Distribuzione punteggi
Percentuale di utenti per punteggio
Percentile per numero di risposta
I tuoi punteggi nel tempo
Non hai fatto questo quiz